Aún aprendo. Cuatro experimentos de filología retrospectiva

Guardat en:
Dades bibliogràfiques
Autor principal: Ginzburg, Carlo (autor)
Altres autors: Gaune Corradi, Rafael (traducción, edición y presentación)
Format: Desconegut
Idioma:anglès
Publicat: Buenos Aires, Argentina: Fondo de Cultura Económica, 2021
Edició:Primera edición
Col·lecció:Sección de Obras de Historia
Matèries:
Etiquetes: Afegir etiqueta
Sense etiquetes, Sigues el primer a etiquetar aquest registre!

MARC

LEADER 00000 a2200000 4500
003 CL-VaPUC
005 20240328123533.0
008 240314t2021 ||||| |||| 00| 0 eng d
999 |c 443123  |d 443121 
020 |a 9789877191967 
040 |c Pontificia Universidad Católica de Valparaíso 
082 0 4 |2 22  |a 306.09 GIN 2021 
100 1 |a Ginzburg, Carlo  |e autor  |9 887750 
245 1 0 |a Aún aprendo.  |b Cuatro experimentos de filología retrospectiva 
250 |a Primera edición 
260 |a Buenos Aires, Argentina:  |b Fondo de Cultura Económica,  |c 2021 
300 |a 154 páginas 
490 0 |a Sección de Obras de Historia 
583 |k Cristina María Rojas Aguilar  |c 20240314 
650 1 |a Historia social  |9 313638 
650 1 |a Filología italiana  |9 887751 
700 |a Gaune Corradi, Rafael  |e traducción, edición y presentación  |9 887752 
942 |2 ddc  |c BK 
952 |0 0  |1 0  |2 ddc  |4 0  |6 306_090000000000000_GIN_2021  |7 0  |8 A  |9 593632  |a BIBART  |b BIBART  |d 2024-03-13  |e 135  |g 15900.00  |i 5660341  |l 1  |o 306.09 GIN 2021  |p 5660341  |r 2025-03-13  |s 2024-07-08  |t 1  |v 15900.00  |w 2024-03-13  |y BK  |k ART